000 00409nam a22001457u 4500
008 130405s1973 xxu||||| |||| 00| 0 spa d
041 _aspa
100 1 _aMagglioni, Sandro
_922918
245 0 0 _aEl pecado y el perdón en la comunidad eclesial...
_cSandro Magglioni
260 _aMadrid:
_bStudium,
_c1973
300 _a349 p.
_c;21 cm.
650 0 4 _aPenitencia
_xHistoria
_914538
942 _cBK
001 34838
999 _c256569
_d256569